| 000 | 01288nam a2200277Ia 4500 | ||
|---|---|---|---|
| 999 |
_c36829 _d36829 |
||
| 001 | 2772 | ||
| 003 | GE_BSU | ||
| 005 | 20211119132415.0 | ||
| 008 | 181216s1997||||ge |||||||||||||| ||geo|| | ||
| 040 | _cGE_BSU | ||
| 041 | _ageo | ||
| 080 | _a330.110(075.8) ფ–67 | ||
| 100 |
_aფიშერი, ს. _912977 |
||
| 245 |
_aეკონომიკა (Economics) : _b4 ტომად. ტ. 2. / _cს. ფიშერი, რ. დორნბუში, რ. შმალენზი ; [მთარგმნ. და პმგ რედ.: კარლო ღურწკაია]. |
||
| 264 |
_aთბილისი, _c1993. |
||
| 300 |
_a528 გვ. ; _bნახ., _c20 სმ. |
||
| 541 | _h15 ლ. | ||
| 653 | _a პოლიტიკური ეკონომია | ||
| 653 | _aბაზრის სახელმწიფო რეგულირება | ||
| 653 | _aშემოსავლების განაწილება | ||
| 653 | _aგადასახადები | ||
| 653 | _a ტრანსფერტები; სახელმწიფო ხარჯები; | ||
| 700 |
_aდორნბუში, რ. _eავტორი _9434 |
||
| 700 |
_aშმალენზი, რ. _eავტორი _9435 |
||
| 942 |
_cBK _2udc |
||